Central Library OPAC University of Rajshahi

Regional geography of Anglo-America / (Record no. 23320)

MARC details
000 -LEADER
fixed length control field 00847nam a22002651 4500
001 - CONTROL NUMBER
control field 23320
003 - CONTROL NUMBER IDENTIFIER
rucl marc code BD-RjUL
005 - DATE AND TIME OF LATEST TRANSACTION
control field 20211209000921.0
008 - FIXED-LENGTH DATA ELEMENTS--GENERAL INFORMATION
fixed length control field 140310s1964 njuab b 001 0 eng
035 ## - SYSTEM CONTROL NUMBER
System control number (BD-RjUL)23385
040 ## - CATALOGING SOURCE
Original cataloging agency DLC
Transcribing agency DLC
Modifying agency DLC
-- BD-RjUL
Language of cataloging eng
041 ## - LANGUAGE CODE
Language code of text/sound track or separate title eng
082 00 - DEWEY DECIMAL CLASSIFICATION NUMBER
Classification number 917
Author mark and year WHR 1964
100 1# - MAIN ENTRY--PERSONAL NAME
Personal name White, C. Langdon
Fuller form of name (Charles Langdon),
Dates associated with a name 1897-
9 (RLIN) 71849
245 10 - TITLE STATEMENT
Title Regional geography of Anglo-America /
Statement of responsibility, etc. C. Langdon White, Edwin J. Foscue [and] Tom L. McKnight.
250 ## - EDITION STATEMENT
Edition statement 3d ed.
260 ## - PUBLICATION, DISTRIBUTION, ETC. (IMPRINT)
Place of publication, distribution, etc. Englewood Cliffs, N.J. :
Name of publisher, distributor, etc. Prentice-Hall,
Date of publication, distribution, etc. c1964.
300 ## - PHYSICAL DESCRIPTION
Pagination xvii, 524 p. :
Illustrations ill., maps. ;
Size 26 cm.
504 ## - BIBLIOGRAPHY, ETC. NOTE
Bibliography, etc Includes bibliographies and index.
651 #0 - SUBJECT ADDED ENTRY--GEOGRAPHIC NAME
Geographic name United States
General subdivision Geography.
9 (RLIN) 35568
Geographic name Canada
General subdivision Geography.
9 (RLIN) 71594
942 ## - ADDED ENTRY ELEMENTS (KOHA)
Source of classification or shelving scheme Dewey Decimal Classification
Koha item type Books
Holdings
Lost status Source of classification or shelving scheme Damaged status Not for loan Collection code Permanent Location Current Location Shelving location Date acquired Source of acquisition Cost, normal purchase price Total Checkouts Full call number Date last seen Copy number Koha item type
  Dewey Decimal Classification     Non-fiction Central Library, University of Rajshahi Central Library, University of Rajshahi   11/01/1973 Euro, B. D News Agency 110.00   917 WHR 1964 10/03/2014 C-8 Books